Cahiers d'Alexandrie.

محفوظ في:

التنسيق: كتاب

اللغة: French
Arabic

الموضوعات:

الوسوم: إضافة وسم

لا توجد وسوم, كن أول من يضع وسما على هذه التسجيلة!

رقم الطلب: (J)DT154 .A4 C3

LEADER 00826nam a22002657a 4500
005 20251029091853.0
008 251029c19649999ua a grp 000 0 fre d
041 0 |a fre  |a ara 
043 |a f-ua--- 
050 1 4 |a (J)DT154 .A4  |b C3 
245 0 0 |a Cahiers d'Alexandrie. 
246 1 5 |a Kurrāsāt al-Iskandarīyah 
264 1 |a Alexandria :  |b  [publisher not identified] 
300 |a volumes :  |b illustrations ;  |c 25 cm 
336 |a text  |b txt  |2 rdacontent 
337 |a unmediated  |b n  |2 rdamedia 
338 |a volume  |b nc  |2 rdacarrier 
362 1 |a volumes 2/1(1964), 3/3(1965) 
500 |a Some issues have distinctive titles. 
546 |a Some volumes have text in Arabic. 
555 |a Sara.lib 
651 0 |a Alexandria (Egypt)  |x History  |v Periodicals. 
651 0 |a Egypt  |x History  |v Periodicals. 
942 |c JL  |2 lcc 
999 |c 29860  |d 29860